书目信息 |
| 题名: |
星光收集者
|
|
| 作者: | 张超 著 | |
| 分册: | ||
| 出版信息: | 北京 人民邮电出版社 2022 |
|
| 页数: | 15,319页 | |
| 开本: | 21cm | |
| 丛书名: | ||
| 单 册: | ||
| 中图分类: | TH751-49 , TH75 | |
| 科图分类: | ||
| 主题词: | 天文望远镜--普及读物 | |
| 电子资源: | ||
| ISBN: | 978-7-115-56725-3 | |
| 000 | 01050nam0 2200241 450 | |
| 001 | 2259034812 | |
| 005 | 20220918162434.32 | |
| 010 | @a978-7-115-56725-3@dCNY99.80 | |
| 100 | @a20220328d2022 em y0chiy50 ea | |
| 101 | 0 | @achi |
| 102 | @aCN@b110000 | |
| 105 | @aa z 000yy | |
| 200 | 1 | @a星光收集者@9xing guang shou ji zhe@e小天文望远镜简史@f张超著 |
| 210 | @a北京@c人民邮电出版社@d2022 | |
| 215 | @a15,319页@c图@d21cm | |
| 300 | @a爱上科学 | |
| 330 | @a20世纪50、60年代,伴随着战后经济的复苏,人们对探索浩瀚宇宙的兴趣陡增,面向大众的天文望远镜逐渐出现并得到迅速发展。望远镜行业中的新旧品牌开始大力研发新产品,在新旧“势力”的共同作用下,适合天文爱好者和业余天文学家使用的小天文望远镜发展出现了一波 发展浪潮。本书围绕这一波浪潮,对这一阶段小天文望远镜的重要发展进行了梳理,首次向公众展现了很多不为人知的史料和故事,为读者重现了这段精彩纷呈的天文望远镜发展历史。 | |
| 606 | 0 | @a天文望远镜@j普及读物 |
| 690 | @aTH751-49@v5 | |
| 690 | @aTH75@v4 | |
| 701 | 0 | @a张超@9zhang chao@4著 |
| 801 | 0 | @aCN@b91MARC@c20220402 |
| 905 | @aZUCC@dTH75@e3 | |
| 星光收集者:小天文望远镜简史/张超著.-北京:人民邮电出版社,2022 |
| 15,319页:图;21cm |
| 爱上科学 |
| ISBN 978-7-115-56725-3:CNY99.80 |
| 20世纪50、60年代,伴随着战后经济的复苏,人们对探索浩瀚宇宙的兴趣陡增,面向大众的天文望远镜逐渐出现并得到迅速发展。望远镜行业中的新旧品牌开始大力研发新产品,在新旧“势力”的共同作用下,适合天文爱好者和业余天文学家使用的小天文望远镜发展出现了一波 发展浪潮。本书围绕这一波浪潮,对这一阶段小天文望远镜的重要发展进行了梳理,首次向公众展现了很多不为人知的史料和故事,为读者重现了这段精彩纷呈的天文望远镜发展历史。 |
| ● |
| 相关链接 |
|
|
|
正题名:星光收集者
索取号:TH75/3
 
预约/预借
| 序号 | 登录号 | 条形码 | 馆藏地/架位号 | 状态 | 备注 |
| 1 | 2000898442 | 2000898442 | 第三书库/ [索取号:TH75/3] | 在馆 | |
| 2 | 2000898443 | 2000898443 | 第三书库/ [索取号:TH75/3] | 在馆 | |
| 3 | 2000898444 | 2000898444 | 第三书库/ [索取号:TH75/3] | 在馆 |